000 00803cac a22002171u 4500
008 090216t 1999xxu||||| |||| 00| 0 eng d
010 _a 98008633
020 _a0070059160
082 0 0 _a658.1552
_bBLO
100 _aBlocher, Edward.
245 1 0 _aCost management :
_ba strategic emphasis /
_cEdward Blocher, Kung H. Chen, Thomas W. Lin.
260 _aBoston :
_bIrwin/McGraw-Hill,
_c1999.
300 _axxvi, 854 p. :
_bill. (some col.) ;
_c28 cm.
500 _aIncludes indexes.
650 0 _aCost accounting.
650 0 _aManagerial accounting.
700 1 _aChen, Kung H.
700 1 _aLin, W. Thomas.
942 _cBB
_k658.1552BLO
_2ddc
999 _c4349
_d4349